[Event "DEM U12/U12w 2000"]
[Site "Überlingen GER"]
[Date "2000.06.04"]
[Round "1"]
[White "Klink, Otto"]
[Black "Kulakov, Yurij"]
[Result "0-1"]
[Termination "normal"]
[Board "24"]
[WhiteElo "882"]
[BlackElo "1338"]
[PlyCount "160"]
[EventCountry "GER"]
[EventRounds "11"]
[EventType "swiss"]
[EventDate "2000.06.03"]

1. e4 c5 2. Nf3 d6 3. d4 cxd4 4. Nxd4 Nf6 5. Nc3 g6 6. f3 Bg7 7. Be3 Nc6 8. Qd2
Bd7 9. O-O-O O-O 10. Bh6 Rc8 11. Bxg7 Kxg7 12. Bc4 Ne5 13. Bb3 a6 14. f4 Nc4
15. Bxc4 Rxc4 16. h3 Qc7 17. Rde1 e5 18. fxe5 dxe5 19. Nf3 Rc8 20. Re2 Be6 21.
Kb1 Qa5 22. Ng5 Bd7 23. Rc1 h6 24. Nf3 Be6 25. Nd5 Qc5 26. Nxf6 Kxf6 27. Qxh6
Ra4 28. b3 Qa3 29. Qg5+ Kg7 30. Qxe5+ Kg8 31. Qb2 Qxb2+ 32. Kxb2 Ra5 33. Rd2
Rac5 34. Ng5 Rxg5 35. g4 Rgc5 36. Rcd1 Kg7 37. c4 b5 38. cxb5 axb5 39. Re2 Rc3
40. Rh1 Rg3 41. Ka3 Rcc3 42. Reh2 Rge3 43. Kb4 Bd7 44. Rd1 Bc6 45. Rd5 Rc1 46.
Rd4 Rce1 47. Kc5 Be8 48. Kd5 Rc1 49. Ke5 Rcc3 50. h4 Rg3 51. g5 Bc6 52. Kd6 Rg4
53. Ke5 Re3 54. Kd6 Bxe4 55. Rb4 Rd3+ 56. Kc7 Rd5 57. Re2 Rxh4 58. Rbxe4 Rxe4
59. Rxe4 Rxg5 60. Kb6 Rd5 61. Rb4 Rd2 62. a3 Ra2 63. Rxb5 Rxa3 64. b4 f5 65.
Kc5 g5 66. Rb7+ Kf6 67. b5 g4 68. b6 f4 69. Ra7 Rb3 70. b7 g3 71. Ra6+ Kf5 72.
Rb6 Rxb6 73. Kxb6 g2 74. b8=Q g1=Q+ 75. Kc6 Qc1+ 76. Kd7 Qd2+ 77. Kc6 Qc3+ 78.
Kd7 Qd4+ 79. Kc6 Qc4+ 80. Kd6 Qe6+ 0-1

[Event "DEM U12/U12w 2000"]
[Site "Überlingen GER"]
[Date "2000.06.04"]
[Round "1"]
[White "Reiske, Anne"]
[Black "Walker, Maria"]
[Result "1/2-1/2"]
[Termination "normal"]
[Board "25"]
[WhiteElo "1337"]
[BlackElo "844"]
[PlyCount "54"]
[WhiteFideId "24635472"]
[EventCountry "GER"]
[EventRounds "11"]
[EventType "swiss"]
[EventDate "2000.06.03"]

1. d4 d5 2. c4 e6 3. Nc3 Nf6 4. Bg5 Nbd7 5. cxd5 exd5 6. Nxd5 Nxd5 7. Nf3 N7f6
8. a3 Bf5 9. e3 Be7 10. Bd3 Bxd3 11. Qxd3 O-O 12. Bh4 Qd6 13. Bg3 Qb6 14. Rb1
Rfe8 15. O-O Bd6 16. Be5 Nd7 17. e4 Nxe5 18. dxe5 Nf4 19. Qd2 Bxe5 20. Nxe5
Rxe5 21. Qxf4 Rae8 22. Rfe1 Qd4 23. h3 Rxe4 24. Rxe4 Qxe4 25. Qc1 c6 26. Qf1 h6
27. Rd1 Qc2 1/2-1/2

[Event "DEM U12/U12w 2000"]
[Site "Überlingen GER"]
[Date "2000.06.04"]
[Round "1"]
[White "Backes, Marco"]
[Black "Hofmann, Annett"]
[Result "0-1"]
[Termination "normal"]
[Board "26"]
[WhiteElo "842"]
[BlackElo "1326"]
[PlyCount "76"]
[BlackFideId "24603759"]
[EventCountry "GER"]
[EventRounds "11"]
[EventType "swiss"]
[EventDate "2000.06.03"]

1. e4 d5 2. exd5 Qxd5 3. Nc3 Qa5 4. d4 c6 5. Bd2 Bf5 6. Bc4 Nd7 7. Nd5 Qd8 8.
Ne3 Bg6 9. Nf3 Ngf6 10. c3 e6 11. Qb3 Nb6 12. O-O-O Ne4 13. Rhe1 Nxf2 14. Ne5
Nxd1 15. Nxd1 Nxc4 16. Nxc4 Qc7 17. Rf1 b5 18. Bf4 bxc4 19. Bxc7 cxb3 20. axb3
Be7 21. Ne3 O-O 22. c4 Bg5 23. Bf4 Bxf4 24. Rxf4 Rfd8 25. Kd2 e5 26. Rg4 exd4
27. Nc2 Bxc2 28. Kxc2 d3+ 29. Kd2 Rab8 30. Re4 Rxb3 31. c5 f5 32. Ra4 Rxb2+ 33.
Kc3 Rc2+ 34. Kb3 Rxc5 35. Rxa7 d2 36. Kb4 Rb5+ 37. Ka3 d1=Q 38. Ra4 Qb3# 0-1

[Event "DEM U12/U12w 2000"]
[Site "Überlingen GER"]
[Date "2000.06.04"]
[Round "1"]
[White "Lieder, Konrad"]
[Black "Gossmann, Anna Maria"]
[Result "1-0"]
[Termination "normal"]
[Board "27"]
[WhiteElo "1323"]
[BlackElo "820"]
[PlyCount "85"]
[WhiteFideId "4692721"]
[EventCountry "GER"]
[EventRounds "11"]
[EventType "swiss"]
[EventDate "2000.06.03"]

1. d4 d5 2. c4 e6 3. Nf3 Nf6 4. Nc3 c6 5. Bg5 Be7 6. e3 O-O 7. Bd3 b6 8. Qc2
Nbd7 9. Ne5 g6 10. Nxc6 Qe8 11. Bh6 Bb7 12. Nxe7+ Qxe7 13. Bxf8 Qxf8 14. cxd5
exd5 15. Rc1 Rc8 16. O-O Qh6 17. h3 Qg5 18. Qe2 Ne4 19. Nxe4 dxe4 20. Rxc8+
Bxc8 21. Bxe4 Nf6 22. Qf3 Nxe4 23. Qxe4 Bxh3 24. Qe8+ Kg7 25. Qe5+ Qxe5 26.
dxe5 Be6 27. a3 h5 28. Rc1 g5 29. Rc7 a5 30. Rb7 h4 31. Rxb6 Kg6 32. Ra6 a4 33.
Rxa4 Kf5 34. b4 Kxe5 35. b5 Kd6 36. Ra6+ Kc7 37. a4 Bd5 38. a5 Kb7 39. Rd6 Be4
40. Rd7+ Kb8 41. a6 f5 42. b6 g4 43. Rd8# 1-0

[Event "DEM U12/U12w 2000"]
[Site "Überlingen GER"]
[Date "2000.06.04"]
[Round "1"]
[White "Slobodan, Nadja"]
[Black "Rosenblatt, Marcus"]
[Result "0-1"]
[Termination "normal"]
[Board "28"]
[WhiteElo "766"]
[BlackElo "1298"]
[PlyCount "110"]
[BlackFideId "24627453"]
[EventCountry "GER"]
[EventRounds "11"]
[EventType "swiss"]
[EventDate "2000.06.03"]

1. e4 c5 2. Nf3 e6 3. Nc3 a6 4. d4 cxd4 5. Nxd4 Qc7 6. Nf3 Nc6 7. Be3 b5 8. a3
Nf6 9. Nd4 b4 10. Nce2 bxa3 11. bxa3 Nxe4 12. Nxc6 Qxc6 13. Nd4 Qc3+ 14. Ke2
Qc7 15. Qd3 Nc3+ 16. Kd2 Nb5 17. Nxb5 axb5 18. Qxb5 Ba6 19. Qa4 Bb7 20. Qb3 Bd5
21. Qb2 Qa5+ 22. Kd1 Bb4 23. Bc1 Bc3 24. Qb1 Bxa1 25. Qxa1 O-O 26. Bb2 Rfc8 27.
Bxg7 Qxa3 28. Qf6 Qc5 29. Bd3 Bxg2 30. Bh6 Qh5+ 31. Be2 Qg6 32. Rg1 Qxf6 33.
Rxg2+ Kh8 34. Bg7+ Qxg7 35. Rxg7 Kxg7 36. Kd2 Kf6 37. Bf3 Ra3 38. Bb7 Rc7 39.
Be4 h6 40. Bd3 Rxd3+ 41. Kxd3 Ke5 42. Ke3 Rc3+ 43. Ke2 Ke4 44. Kd2 Rc4 45. f3+
Kxf3 46. Kd3 d5 47. h3 e5 48. h4 e4+ 49. Kd2 Kf2 50. h5 e3+ 51. Kd3 e2 52. c3
e1=Q 53. Kc2 Rxc3+ 54. Kb2 Qd2+ 55. Kb1 Rc1# 0-1

[Event "DEM U12/U12w 2000"]
[Site "Überlingen GER"]
[Date "2000.06.04"]
[Round "1"]
[White "Grimberg, Boris"]
[Black "Riedel, Kristina"]
[Result "1-0"]
[Termination "normal"]
[Board "29"]
[WhiteElo "1278"]
[BlackElo "765"]
[PlyCount "99"]
[WhiteFideId "4697499"]
[BlackFideId "24659282"]
[EventCountry "GER"]
[EventRounds "11"]
[EventType "swiss"]
[EventDate "2000.06.03"]

1. e4 e5 2. Nf3 Nc6 3. Bb5 Nf6 4. O-O Bc5 5. Re1 Ng4 6. d4 Nxd4 7. Nxd4 Bxd4 8.
Qxg4 Qf6 9. Qf3 Qb6 10. Bc4 O-O 11. c3 Bc5 12. b4 Be7 13. Be3 c5 14. Nd2 d6 15.
Nb3 Qc7 16. Rac1 b6 17. Bd5 Bb7 18. Bxb7 Qxb7 19. Red1 cxb4 20. cxb4 Qa6 21.
Qg3 Kh8 22. Rc2 Qa4 23. f4 f6 24. Rc7 Rfe8 25. Rxd6 Qxb4 26. Rdd7 exf4 27. Bxf4
Qxe4 28. Qf3 Qb1+ 29. Rc1 Qxa2 30. Rxe7 h6 31. Bxh6 Rxe7 32. Qxa8+ Kh7 33. Bxg7
Rxg7 34. Qe4+ Kh6 35. Rc3 Rg5 36. Rh3+ Rh5 37. Qf4+ Kg6 38. Rf3 Qb1+ 39. Rf1
Qf5 40. Qxf5+ Rxf5 41. Rxf5 Kxf5 42. Kf2 Ke4 43. Nd2+ Kd3 44. h4 a5 45. h5 a4
46. h6 a3 47. h7 a2 48. Nb3 Kc3 49. h8=Q Kxb3 50. Qxf6 1-0

[Event "DEM U12/U12w 2000"]
[Site "Überlingen GER"]
[Date "2000.06.04"]
[Round "1"]
[White "Henneberg, Olga"]
[Black "Tischer, Jana"]
[Result "1-0"]
[Termination "normal"]
[Board "31"]
[WhiteElo "1273"]
[BlackElo "749"]
[PlyCount "73"]
[BlackFideId "24617164"]
[EventCountry "GER"]
[EventRounds "11"]
[EventType "swiss"]
[EventDate "2000.06.03"]

1. c4 e5 2. Nc3 Nf6 3. Nf3 Nc6 4. g3 Bc5 5. d3 d6 6. Bg5 O-O 7. Nd5 Nd4 8. Bg2
Nxf3+ 9. Bxf3 Re8 10. Bxf6 gxf6 11. O-O c6 12. Nc3 Kh8 13. a3 Be6 14. Qd2 Rg8
15. Ne4 Bb6 16. Bh5 f5 17. Nc3 f4 18. Kh1 Qg5 19. Bf3 Bf5 20. Ne4 Bxe4 21. Bxe4
f5 22. Bf3 Rg6 23. gxf4 Qh4 24. Rg1 Rh6 25. Rg2 Bxf2 26. e3 Bg3 27. Rag1 Rg8
28. Qe1 Rhg6 29. Rxg3 Rxg3 30. Rxg3 Rg6 31. Qg1 Rxg3 32. Qxg3 Qxg3 33. hxg3
exf4 34. gxf4 Kg7 35. Kg2 a6 36. Kg3 Kg6 37. Kh4 1-0

[Event "DEM U12/U12w 2000"]
[Site "Überlingen GER"]
[Date "2000.06.04"]
[Round "1"]
[White "Popovic, Nathalie"]
[Black "Rathke, Jens"]
[Result "0-1"]
[Termination "normal"]
[Board "32"]
[WhiteElo "745"]
[BlackElo "1257"]
[PlyCount "66"]
[WhiteFideId "24630292"]
[EventCountry "GER"]
[EventRounds "11"]
[EventType "swiss"]
[EventDate "2000.06.03"]

1. e4 c5 2. Nf3 d6 3. Nc3 Nf6 4. Bc4 e6 5. Bb3 a6 6. a4 b6 7. O-O Bb7 8. Re1
Be7 9. d3 Nbd7 10. Bg5 O-O 11. Bxf6 Bxf6 12. Ra2 Bxc3 13. bxc3 Nf6 14. h3 d5
15. e5 Nd7 16. Ra1 b5 17. c4 bxc4 18. dxc4 dxc4 19. Bxc4 Kh8 20. Qd3 Qc7 21. c3
Bxf3 22. Qxf3 Nxe5 23. Qf4 f6 24. Bd3 Qa5 25. Qd2 Rad8 26. Qc2 Rxd3 27. c4 Rfd8
28. f4 Ng6 29. g3 Rxg3+ 30. Kf1 Qc3 31. Qxc3 Rxc3 32. Rxe6 Rxc4 33. Rxa6 Rxf4+
0-1

[Event "DEM U12/U12w 2000"]
[Site "Überlingen GER"]
[Date "2000.06.04"]
[Round "1"]
[White "Horstmann, Sven"]
[Black "Tovmasian, Nelli"]
[Result "1-0"]
[Termination "normal"]
[Board "33"]
[WhiteElo "1252"]
[BlackElo "702"]
[PlyCount "115"]
[BlackFideId "24611735"]
[EventCountry "GER"]
[EventRounds "11"]
[EventType "swiss"]
[EventDate "2000.06.03"]

1. Nf3 Nc6 2. d4 d5 3. e3 a6 4. a4 Nf6 5. c4 Bg4 6. h3 Bxf3 7. Qxf3 e6 8. cxd5
exd5 9. Nc3 Nb4 10. Qd1 Qe7 11. Be2 O-O-O 12. O-O Ne4 13. Na2 Nc6 14. Nc3 Nf6
15. a5 Qb4 16. Ra4 Qe7 17. b3 Qe6 18. Na2 Ne4 19. Qc2 Nd6 20. Bxa6 bxa6 21.
Qxc6 Nb5 22. Qxe6+ fxe6 23. Bd2 Bd6 24. Nc3 Na7 25. b4 c6 26. e4 Kc7 27. Bg5
Rb8 28. Rb1 h6 29. Bd2 g5 30. exd5 exd5 31. Rc1 Kd7 32. Nd1 Rhe8 33. Ne3 Bf4
34. Raa1 Nb5 35. g3 Nxd4 36. gxf4 Nb3 37. fxg5 Nxc1 38. Rxc1 hxg5 39. Ng4 Rh8
40. Kg2 Rhf8 41. Ne5+ Kc7 42. Rxc6+ Kd8 43. Bxg5+ Rf6 44. Bxf6+ Ke8 45. Rxa6 d4
46. Rd6 Kf8 47. Nd7+ Ke8 48. Nxb8 d3 49. Rxd3 Kf7 50. a6 Kxf6 51. a7 Ke6 52.
a8=Q Ke7 53. Qe4+ Kf6 54. Rf3+ Kg5 55. Rf5+ Kg6 56. Qe6+ Kg7 57. Rf7+ Kg8 58.
Qe8# 1-0

[Event "DEM U12/U12w 2000"]
[Site "Überlingen GER"]
[Date "2000.06.04"]
[Round "1"]
[White "Hummel, Helmut"]
[Black "Nolting, Christoph"]
[Result "1-0"]
[Termination "normal"]
[Board "34"]
[WhiteElo "682"]
[BlackElo "1251"]
[PlyCount "107"]
[EventCountry "GER"]
[EventRounds "11"]
[EventType "swiss"]
[EventDate "2000.06.03"]

1. e4 Nf6 2. Nc3 d5 3. e5 d4 4. exf6 dxc3 5. bxc3 exf6 6. Qe2+ Qe7 7. Qxe7+
Bxe7 8. Nf3 O-O 9. Bc4 Bf5 10. d3 Re8 11. O-O Bd6 12. Nd4 Bd7 13. Rb1 c5 14.
Nb5 Bxb5 15. Bxb5 Re2 16. Ba4 b6 17. Be3 Na6 18. Rbc1 Nc7 19. Bc6 Rxe3 20. fxe3
Rb8 21. a4 b5 22. axb5 Nxb5 23. Rb1 Nxc3 24. Rxb8+ Bxb8 25. Ra1 g6 26. Kf2 Bxh2
27. g3 a5 28. Bf3 a4 29. Kg2 Bxg3 30. Kxg3 g5 31. Bc6 h5 32. Kf2 h4 33. Ke1 f5
34. Kd2 Ne4+ 35. dxe4 f4 36. exf4 h3 37. fxg5 h2 38. e5 Kg7 39. Rxa4 Kg6 40.
Rh4 Kxg5 41. Rxh2 Kf5 42. Rf2+ Kxe5 43. Rxf7 Kd6 44. Rf6+ Ke7 45. Rh6 c4 46.
Kc3 Kd8 47. Be8 Kc7 48. Kxc4 Kb7 49. Kc5 Kc7 50. Rh7+ Kd8 51. Kc6 Kc8 52. Bh5
Kb8 53. c3 Ka8 54. Kb6 1-0

[Event "DEM U12/U12w 2000"]
[Site "Überlingen GER"]
[Date "2000.06.04"]
[Round "1"]
[White "Christiansen, Claes"]
[Black "Hammerich, Nadine"]
[Result "1-0"]
[Termination "normal"]
[Board "35"]
[WhiteElo "1248"]
[BlackElo "675"]
[PlyCount "69"]
[EventCountry "GER"]
[EventRounds "11"]
[EventType "swiss"]
[EventDate "2000.06.03"]

1. c4 e5 2. Nc3 Nf6 3. Nf3 Nc6 4. g3 Bc5 5. Bg2 O-O 6. O-O d6 7. a3 Nd4 8. Nxd4
exd4 9. Ne4 Nxe4 10. Bxe4 c6 11. b4 Bb6 12. d3 a5 13. Bb2 d5 14. cxd5 cxd5 15.
Bg2 Qf6 16. Qd2 axb4 17. Qxb4 Ba7 18. Bxd5 Bg4 19. Rfe1 Rfe8 20. e3 Rab8 21.
Bxd4 Qf5 22. Be4 Rxe4 23. dxe4 Qxe4 24. Bxa7 Bh3 25. Qxe4 Rf8 26. Bd4 b5 27.
Qe5 f6 28. Qxb5 Kh8 29. Qh5 Be6 30. Rac1 Bf7 31. Rc8 Kg8 32. Qg4 Bg6 33. h4 Bf7
34. Bxf6 Bd5 35. Qxg7# 1-0

[Event "DEM U12/U12w 2000"]
[Site "Überlingen GER"]
[Date "2000.06.04"]
[Round "1"]
[White "Schöttler, Katharina"]
[Black "Bayer, Marius"]
[Result "1/2-1/2"]
[Termination "normal"]
[Board "36"]
[WhiteElo "668"]
[BlackElo "1234"]
[PlyCount "107"]
[EventCountry "GER"]
[EventRounds "11"]
[EventType "swiss"]
[EventDate "2000.06.03"]

1. e4 e6 2. Nf3 d5 3. exd5 exd5 4. d4 Bd6 5. Nc3 c6 6. h3 Bf5 7. Bd3 Ne7 8. O-O
O-O 9. Re1 Bxd3 10. Qxd3 Nd7 11. Bg5 f6 12. Bh4 Ng6 13. Qf5 Re8 14. Re6 Ndf8
15. Rxe8 Qxe8 16. Re1 Qd7 17. Qh5 Nf4 18. Qg4 Qxg4 19. hxg4 Bb4 20. Re3 Kf7 21.
g5 N8g6 22. gxf6 Nxh4 23. Nxh4 Bxc3 24. bxc3 Kxf6 25. g3 Nh3+ 26. Kg2 Ng5 27.
f4 Ne4 28. Kf3 Rf8 29. g4 g6 30. g5+ Kg7 31. Kg4 Re8 32. Rf3 Nd2 33. Rf2 Ne4
34. Rf3 b6 35. f5 gxf5+ 36. Nxf5+ Kg6 37. Nh4+ Kg7 38. Nf5+ Kg6 39. Nh4+ Kg7
40. Nf5+ Kh8 41. Nh6 Nd6 42. Nf7+ Nxf7 43. Rxf7 Re2 44. Rxa7 Rxc2 45. Ra6 Rxc3
46. Rxb6 Rc4 47. Kf5 Rxd4 48. Rxc6 Rd1 49. a4 d4 50. Ke4 d3 51. Rd6 Re1+ 52.
Kf3 Ra1 53. Rxd3 Rxa4 54. Rd7 1/2-1/2

[Event "DEM U12/U12w 2000"]
[Site "Überlingen GER"]
[Date "2000.06.04"]
[Round "1"]
[White "Colloseus, Christian"]
[Black "Kessler, Paul"]
[Result "1-0"]
[Termination "normal"]
[Board "37"]
[WhiteElo "1231"]
[BlackElo "654"]
[PlyCount "53"]
[EventCountry "GER"]
[EventRounds "11"]
[EventType "swiss"]
[EventDate "2000.06.03"]

1. e4 e5 2. Nf3 Nc6 3. Bc4 Bc5 4. d3 Nf6 5. Nc3 h6 6. Be3 Bxe3 7. fxe3 d6 8. d4
exd4 9. exd4 Nxe4 10. Nxe4 d5 11. Bxd5 Qxd5 12. Nc3 Qd8 13. Qe2+ Qe7 14. Qxe7+
Nxe7 15. Nb5 Nd5 16. c4 a6 17. Na3 Nf4 18. O-O O-O 19. Nc2 Bg4 20. Ne5 Bf5 21.
Ne3 Ne2+ 22. Kh1 Be4 23. Rad1 Rad8 24. a3 f6 25. Nf3 Nf4 26. Nd2 Bd3 27. Rxf4
1-0

[Event "DEM U12/U12w 2000"]
[Site "Überlingen GER"]
[Date "2000.06.04"]
[Round "1"]
[White "Garzinsky, Dominik"]
[Black "Scholtes, Benedikt"]
[Result "1/2-1/2"]
[Termination "normal"]
[Board "38"]
[WhiteElo "648"]
[BlackElo "1223"]
[PlyCount "35"]
[BlackFideId "24675423"]
[EventCountry "GER"]
[EventRounds "11"]
[EventType "swiss"]
[EventDate "2000.06.03"]

1. e4 e5 2. f4 f6 3. Nf3 Nc6 4. Bc4 Bc5 5. Bxg8 Rxg8 6. d3 d5 7. exd5 Qxd5 8.
Nc3 Qd7 9. Qe2 Nd4 10. Nxd4 Bxd4 11. Bd2 Qc6 12. fxe5 fxe5 13. O-O-O Be6 14.
Kb1 O-O-O 15. Qe4 Qxe4 16. Nxe4 Bd5 17. c3 Bb6 18. Bg5 1/2-1/2

[Event "DEM U12/U12w 2000"]
[Site "Überlingen GER"]
[Date "2000.06.04"]
[Round "1"]
[White "Andok, Claus Michael"]
[Black "Laake, Jasmin"]
[Result "1-0"]
[Termination "normal"]
[Board "39"]
[WhiteElo "1217"]
[BlackElo "633"]
[PlyCount "159"]
[WhiteFideId "24602000"]
[BlackFideId "4699939"]
[EventCountry "GER"]
[EventRounds "11"]
[EventType "swiss"]
[EventDate "2000.06.03"]

1. d4 d5 2. c4 e6 3. cxd5 exd5 4. Nc3 Nf6 5. Bg5 Bb4 6. e3 O-O 7. Bd3 b6 8. Qc2
h6 9. Bh4 Qd6 10. Bg3 Qe7 11. Nge2 Bb7 12. a3 Bxc3+ 13. bxc3 c5 14. O-O Nbd7
15. Qd2 Ne4 16. Bxe4 Qxe4 17. f3 Qe7 18. a4 Rfe8 19. Bf2 Rac8 20. Ng3 c4 21.
Rfe1 Nf6 22. Nf5 Qd7 23. Qc2 a6 24. Bg3 Re6 25. Be5 b5 26. Reb1 Bc6 27. axb5
axb5 28. Ra6 Bb7 29. Rxe6 fxe6 30. Nxh6+ gxh6 31. Bxf6 Bc6 32. Qg6+ Kf8 33.
Qxh6+ Kg8 34. Qg6+ Kf8 35. h4 Qf7 36. Qh6+ Ke8 37. Qh8+ Kd7 38. Qg7 Ke8 39. g4
Rc7 40. Qh8+ Qf8 41. Qxf8+ Kxf8 42. Be5 Rh7 43. h5 Be8 44. Rb2 Kg8 45. Rh2 Rb7
46. Bd6 Kh7 47. g5 Rg7 48. f4 Rg8 49. Kf2 Bf7 50. g6+ Bxg6 51. hxg6+ Kxg6 52.
Rg2+ Kf7 53. Rxg8 Kxg8 54. Kg3 Kf7 55. Kg4 Kf6 56. Be5+ Ke7 57. Kg5 b4 58. Bf6+
Kd7 59. cxb4 c3 60. f5 exf5 61. Kxf5 c2 62. e4 dxe4 63. Bg5 Kc6 64. Kxe4 Kb5
65. Kd3 Kxb4 66. Kxc2 Kc4 67. Bf6 Kd5 68. Kd3 Kd6 69. Kc4 Kc6 70. d5+ Kd6 71.
Kd4 Kd7 72. Kc5 Kc7 73. d6+ Kd7 74. Kd5 Ke8 75. Ke6 Kf8 76. d7 Kg8 77. d8=Q+
Kh7 78. Qh8+ Kg6 79. Qg7+ Kh5 80. Qg5# 1-0

[Event "DEM U12/U12w 2000"]
[Site "Überlingen GER"]
[Date "2000.06.04"]
[Round "1"]
[White "Kubernath, Max"]
[Black "Becker, Nils"]
[Result "1-0"]
[Termination "normal"]
[Board "40"]
[WhiteElo "572"]
[BlackElo "1178"]
[PlyCount "83"]
[BlackFideId "4695216"]
[EventCountry "GER"]
[EventRounds "11"]
[EventType "swiss"]
[EventDate "2000.06.03"]

1. d4 Nf6 2. Nf3 e6 3. Bg5 Be7 4. a3 b6 5. Nc3 Bb7 6. e3 O-O 7. Be2 d5 8. O-O
Nbd7 9. Ne5 c5 10. Nxd7 Nxd7 11. Bxe7 Qxe7 12. Bf3 Nf6 13. Re1 cxd4 14. Qxd4
Rfd8 15. Qb4 Qc7 16. Rac1 Qd6 17. Qxd6 Rxd6 18. Nb5 Rd7 19. c4 a6 20. Nd4 Rad8
21. Nb3 dxc4 22. Bxb7 Rxb7 23. Rxc4 Rbd7 24. g3 h6 25. Kg2 e5 26. Rc6 Rd6 27.
Rxd6 Rxd6 28. Re2 Rd3 29. Nd2 b5 30. Kf3 Kf8 31. Ne4 Ke7 32. Rd2 Rxd2 33. Nxd2
Kd6 34. Ne4+ Nxe4 35. Kxe4 Kc5 36. Kxe5 Kc4 37. Kd6 Kb3 38. Kc5 Kxb2 39. Kb4 f6
40. f4 g6 41. e4 Kc2 42. e5 1-0

[Event "DEM U12/U12w 2000"]
[Site "Überlingen GER"]
[Date "2000.06.04"]
[Round "1"]
[White "Lörincz, Benjamin"]
[Black "Janiesch, Maike"]
[Result "1-0"]
[Termination "normal"]
[Board "41"]
[WhiteElo "1137"]
[BlackElo "465"]
[PlyCount "87"]
[EventCountry "GER"]
[EventRounds "11"]
[EventType "swiss"]
[EventDate "2000.06.03"]

1. Nf3 Nc6 2. d4 d5 3. e3 Nf6 4. Nbd2 Bf5 5. c4 e6 6. a3 Ne4 7. Be2 Be7 8. O-O
Bg4 9. cxd5 exd5 10. Bb5 O-O 11. b4 Nc3 12. Qb3 Nxb5 13. a4 Nd6 14. b5 Na5 15.
Qxd5 Bf6 16. Qa2 Be6 17. Qc2 Nac4 18. e4 Bg5 19. Nxg5 Qxg5 20. Nxc4 Qg6 21.
Nxd6 Bh3 22. g3 Bxf1 23. Kxf1 cxd6 24. Ba3 Rfe8 25. Re1 Rac8 26. Qd1 Rc4 27.
Qd3 Rxa4 28. Bb2 Ra2 29. Qb3 Rxb2 30. Qxb2 Rxe4 31. Rc1 h6 32. Qc2 Kh7 33. Qc7
Qf5 34. Qxd6 Qf3 35. Kg1 Re2 36. Rf1 f6 37. Qd8 Ra2 38. d5 Qb3 39. d6 Qxb5 40.
Qe7 Rd2 41. Rc1 Qb6 42. Qe4+ Kg8 43. Rc8+ Kf7 44. Qe8# 1-0

[Event "DEM U12/U12w 2000"]
[Site "Überlingen GER"]
[Date "2000.06.04"]
[Round "1"]
[White "Weber, Julia"]
[Black "von der Ahe, Florian"]
[Result "0-1"]
[Termination "normal"]
[Board "42"]
[WhiteElo "452"]
[BlackElo "1132"]
[PlyCount "134"]
[BlackFideId "12970506"]
[EventCountry "GER"]
[EventRounds "11"]
[EventType "swiss"]
[EventDate "2000.06.03"]

1. e4 c5 2. Bc4 Nc6 3. Qh5 e6 4. d3 Nf6 5. Qh4 Nd4 6. Na3 a6 7. c3 Nc6 8. Nf3
Be7 9. Bg5 h6 10. Bxf6 Bxf6 11. Qh5 O-O 12. Qxc5 Re8 13. O-O Be7 14. Qe3 Bxa3
15. bxa3 d5 16. Bb3 dxe4 17. Qxe4 Qa5 18. Ba4 Bd7 19. Bxc6 Bxc6 20. Qf4 Qxc3
21. Ne5 f6 22. Nxc6 bxc6 23. Qc4 Qxa3 24. Qxc6 Qxd3 25. Rfd1 Qb5 26. Qe4 f5 27.
Qd4 Rad8 28. Qe3 Qb2 29. Qb3 Rxd1+ 30. Rxd1 Qxb3 31. axb3 Rb8 32. Rd3 Kf7 33.
g3 Kf6 34. Rd6 Rxb3 35. Rxa6 g5 36. Kg2 g4 37. Ra4 h5 38. h3 Rb2 39. hxg4 hxg4
40. Rc4 Rb5 41. f3 Rb2+ 42. Kf1 gxf3 43. Rf4 f2 44. Rxf2 Rxf2+ 45. Kxf2 Kg5 46.
Kf3 e5 47. Ke3 Kg4 48. Kf2 Kh3 49. Kf3 e4+ 50. Kf4 Kg2 51. Kxf5 e3 52. g4 e2
53. g5 e1=Q 54. g6 Qe8 55. Kg5 Kg3 56. Kh6 Qg8 57. g7 Kg4 58. Kg6 Kf4 59. Kf6
Ke4 60. Kg6 Ke5 61. Kh6 Kf6 62. Kh5 Qxg7 63. Kh4 Qg5+ 64. Kh3 Kf5 65. Kh2 Kf4
66. Kh1 Kf3 67. Kh2 Qg2# 0-1

[Event "DEM U12/U12w 2000"]
[Site "Überlingen GER"]
[Date "2000.06.04"]
[Round "1"]
[White "Bräutigam, Thorben"]
[Black "Stemmler, Lysan"]
[Result "1-0"]
[Termination "normal"]
[Board "43"]
[WhiteElo "1123"]
[BlackElo "447"]
[PlyCount "53"]
[BlackFideId "24622451"]
[EventCountry "GER"]
[EventRounds "11"]
[EventType "swiss"]
[EventDate "2000.06.03"]

1. e4 d6 2. d4 Nf6 3. Nc3 g6 4. Bc4 Bg7 5. Bg5 h6 6. Bh4 Nbd7 7. Nf3 O-O 8. O-O
e5 9. dxe5 dxe5 10. Nd5 g5 11. Nxg5 hxg5 12. Bxg5 c6 13. Nxf6+ Nxf6 14. Qf3 Bg4
15. Bxf6 Bxf3 16. Bxd8 Bxg2 17. Kxg2 Raxd8 18. Rg1 c5 19. Kh1 Rd4 20. Bd5 b6
21. c3 Rd2 22. f4 exf4 23. b4 Kh8 24. bxc5 bxc5 25. Raf1 f5 26. Rxf4 fxe4 27.
Rh4+ 1-0

[Event "DEM U12/U12w 2000"]
[Site "Überlingen GER"]
[Date "2000.06.04"]
[Round "1"]
[White "Mayer, Carina"]
[Black "Krenz, Sarah"]
[Result "0-1"]
[Termination "normal"]
[Board "44"]
[WhiteElo "401"]
[BlackElo "1122"]
[PlyCount "98"]
[EventCountry "GER"]
[EventRounds "11"]
[EventType "swiss"]
[EventDate "2000.06.03"]

1. e4 c5 2. Nf3 d6 3. Nc3 g6 4. Bb5+ Bd7 5. Ba4 Bg7 6. Bxd7+ Nxd7 7. d3 e6 8.
Bg5 Ne7 9. O-O O-O 10. Rb1 h6 11. Bh4 Re8 12. Nb5 Qb6 13. Nc3 Nc6 14. Qd2 Nde5
15. Nxe5 Nxe5 16. Qe3 Nd7 17. Na4 Qc6 18. b3 b5 19. Nb2 Rab8 20. Bg3 f5 21.
exf5 exf5 22. Qd2 Re7 23. Bf4 Kh7 24. c3 Rbe8 25. d4 cxd4 26. cxd4 Qb6 27. d5
Re2 28. Qd1 Rxb2 29. Rxb2 Bxb2 30. Qd2 Bg7 31. Be3 Qb7 32. Qb4 Qxd5 33. Bxa7
Ra8 34. Qa5 Bd4 35. Rd1 Bxf2+ 36. Kxf2 Qxd1 37. Qc7 Qd2+ 38. Kf3 Qd5+ 39. Kg3
Qf7 40. Be3 g5 41. Qxd6 f4+ 42. Bxf4 gxf4+ 43. Kf3 Re8 44. Qd3+ Kg8 45. Qxb5
Re3+ 46. Kg4 Qg6+ 47. Kh4 Re5 48. Qxe5 Nxe5 49. a4 Qg4# 0-1

[Event "DEM U12/U12w 2000"]
[Site "Überlingen GER"]
[Date "2000.06.04"]
[Round "1"]
[White "Ritscher, Martin"]
[Black "Hahn, Eva-Katharina"]
[Result "1-0"]
[Termination "normal"]
[Board "45"]
[WhiteElo "1098"]
[BlackElo "392"]
[PlyCount "93"]
[EventCountry "GER"]
[EventRounds "11"]
[EventType "swiss"]
[EventDate "2000.06.03"]

1. e4 e5 2. Nf3 Nc6 3. d4 Qe7 4. Nc3 Nf6 5. d5 Qc5 6. dxc6 Ng4 7. cxd7+ Bxd7 8.
Qe2 Bb5 9. Nxb5 Be7 10. Be3 Nxe3 11. Qxe3 O-O 12. Qxc5 Bxc5 13. Bd3 Rad8 14.
O-O c6 15. Nc3 b5 16. Nxe5 Bd4 17. Nxc6 Rd6 18. Nxd4 Rxd4 19. Nxb5 Rb4 20. b3
a6 21. Nc7 a5 22. Nd5 Rd4 23. Rad1 a4 24. c3 Rxd5 25. exd5 axb3 26. axb3 Rb8
27. Rfe1 Rf8 28. c4 Rb8 29. c5 Kf8 30. Rb1 Rd8 31. d6 Re8 32. b4 g6 33. d7 Rd8
34. c6 f5 35. b5 Kf7 36. b6 Kf6 37. b7 Rb8 38. c7 Rh8 39. c8=Q Rxc8 40. dxc8=Q
Kg5 41. Qd8+ Kh6 42. Bxf5 gxf5 43. Qf6+ Kh5 44. Qxf5+ Kh6 45. Qf6+ Kh5 46. Re5+
Kg4 47. Qg5# 1-0